Structural dynamics, theory and computation (Record no. 546789)
[ view plain ]
| 000 -LEADER | |
|---|---|
| fixed length control field | 00619cam a2200193 i 4500 |
| 020 ## - INTERNATIONAL STANDARD BOOK NUMBER | |
| International Standard Book Number | 0442230192 |
| 082 ## - DEWEY DECIMAL CLASSIFICATION NUMBER | |
| Classification number | 624.17 |
| Author Mark | PAZ |
| -- | N-02, P-58 |
| 100 1# - MAIN ENTRY--PERSONAL NAME | |
| Personal name | Paz, Mario. |
| 9 (RLIN) | 36327 |
| 245 10 - TITLE STATEMENT | |
| Title | Structural dynamics, theory and computation |
| Statement of responsibility, etc. | Mario Paz. William Leigh |
| 250 ## - EDITION STATEMENT | |
| Edition statement | 2nd ed. |
| 260 ## - PUBLICATION, DISTRIBUTION, ETC. | |
| Place of publication, distribution, etc. | New York : |
| Name of publisher, distributor, etc. | Van Nostrand Reinhold, |
| Date of publication, distribution, etc. | c2004. |
| 300 ## - PHYSICAL DESCRIPTION | |
| Extent | xxii, 812 p. ; |
| Dimensions | 24 cm. |
| Accompanying material | CD. |
| 490 1# - SERIES STATEMENT | |
| Series statement | Van Nostrand Reinhold environmental engineering series |
| 500 ## - GENERAL NOTE | |
| General note | Includes index. |
| 526 ## - STUDY PROGRAM INFORMATION NOTE | |
| Program name | 0 |
| Interest level | 0 |
| Reading level | 0 |
| Title point value | 624_170000000000000_PAZ |
| 650 #0 - SUBJECT ADDED ENTRY--TOPICAL TERM | |
| Topical term or geographic name entry element | NUST |
| 9 (RLIN) | 6342 |
| 650 #0 - SUBJECT ADDED ENTRY--TOPICAL TERM | |
| Topical term or geographic name entry element | Structural dynamics. |
| 9 (RLIN) | 10008 |
| 942 ## - ADDED ENTRY ELEMENTS (KOHA) | |
| Source of classification or shelving scheme | |
| Koha item type | Book |
| Withdrawn status | Lost status | Source of classification or shelving scheme | Damaged status | Not for loan | Permanent Location | Current Location | Date acquired | Total Checkouts | Full call number | Barcode | Date last seen | Price effective from | Koha item type |
|---|---|---|---|---|---|---|---|---|---|---|---|---|---|
| Military College of Engineering (MCE) | Military College of Engineering (MCE) | 06/19/2014 | 624.17 PAZ | MCE-27608/1 | 06/19/2014 | 06/19/2014 | Book |
